000 00414nam a22001577a 4500
005 20180727162956.0
008 160513b xxu||||| |||| 00| 0 eng d
041 _aeng
082 _b2138
_a658.3
100 _a Davar, R.S.
_92428
245 _aPersonal Management & Industrial Relations
260 _aNew Delhi
_bVikas Publishing House (P) Ltd.
_c2004
300 _a421p,
650 _aManagement
_9241
942 _cBK
999 _c782
_d782